Every WHA Team 1972-1979 - Statistics

General Stats
  • This quiz has been taken 7 times
  • The average score is 15 of 34
Answer Stats
State Year Name Fate % Correct
Alberta: 1972-1973 Alberta Oilers Changed Name
75%
Alabama: 1976-1979 Birmingham Bulls Folded
75%
Alberta: 1973-1979 Edmonton Oilers Joined NHL
75%
Indiana: 1974-1978 Indianapolis Racers Folded
75%
Connecticut: 1974-1979 New England Whalers Joined NHL
75%
Massachusetts: 1972-1974 New England Whalers Relocated
75%
Quebec: 1972-1979 Quebec Nordiques Joined NHL
75%
Manitoba: 1972-1979 Winnipeg Jets Joined NHL
75%
Maryland: 1975 Baltimore Blades Folded
50%
Alberta: 1975-1977 Calgary Cowboys Folded
50%
Ohio: 1975-1979 Cincinnati Stingers Folded
50%
Texas: 1972-1978 Houston Aeros Folded
50%
California: 1972-1974 Los Angeles Sharks Relocated
50%
Minnesota: 1972-1976 Minnesota Fighting Saints Folded
50%
Minnesota 1976-1977 Minnesota Fighting Saints Folded
50%
Ontario: 1972-1973 Ottawa Nationals Relocated
50%
California: 1972 San Francisco Sharks Relocated
50%
Ontario: 1973-1976 Toronto Toros Relocated
50%
Alberta: 1972 Calgary Broncos Never Played
25%
Illinois: 1972-1975 Chicago Cougars Folded
25%
Ohio: 1972-1976 Cleveland Crusaders Relocated
25%
Ohio: 1972 Dayton Arrows Never Played
25%
Colorado: 1975-1976 Denver Spurs Relocated
25%
New Jersey: 1973-1974 Jersey Knights Relocated
25%
California: 1972 Los Angeles Aces Changed Name
25%
Florida: 1972 Miami Screaming Eagles Never Played
25%
Michigan: 1974-1975 Michigan Stags Relocated
25%
New York: 1973 New York Golden Blades Relocated
25%
New York: 1972-1973 New York Raiders Changed Name
25%
Ontario: 1976 Ottawa Civics Folded
25%
Pennsylvania: 1972-1973 Philadelphia Blazers Relocated
25%
Arizona: 1974-1977 Phoenix Roadrunners Folded
25%
California: 1974-1977 San Diego Mariners Folded
25%
British Columbia: 1973-1975 Vancouver Blazers Relocated
25%
No matching quizzes found
Score Distribution
Percent of People with Each Score
Percentile by Number Answered
Your Score History
You have not taken this quiz